Planning in the Soviet Union
محفوظ في:
| المؤلف الرئيسي: | |
|---|---|
| التنسيق: | كتاب |
| اللغة: | Undetermined |
| منشور في: |
New York
Pergamon Press
1966
|
| الموضوعات: | |
| الوسوم: |
إضافة وسم
لا توجد وسوم, كن أول من يضع وسما على هذه التسجيلة!
|
| Thư viện lưu trữ: | Trung tâm Học liệu Trường Đại học Cần Thơ |
|---|
| LEADER | 00513nam a2200181Ia 4500 | ||
|---|---|---|---|
| 001 | CTU_83165 | ||
| 008 | 210402s9999 xx 000 0 und d | ||
| 082 | |a 338.947 | ||
| 082 | |b B518 | ||
| 100 | |a Bernard, Philippe J. | ||
| 245 | 0 | |a Planning in the Soviet Union | |
| 245 | 0 | |c Philippe J. Bernard ; Translated by I. Nove | |
| 260 | |a New York | ||
| 260 | |b Pergamon Press | ||
| 260 | |c 1966 | ||
| 650 | |a Marxian economics | ||
| 904 | |i Qhieu(sửa) | ||
| 980 | |a Trung tâm Học liệu Trường Đại học Cần Thơ | ||